Jak lépe řídit zásady, pravidla a některé nové směry řízení

Salvato in:
Dettagli Bibliografici
Autore principale: Pavelka, Karol
Natura: Libro
Lingua:ceco
Pubblicazione: Praha Svoboda 1970
Tags: Aggiungi Tag
Nessun Tag, puoi essere il primo ad aggiungerne!!

MARC

LEADER 00000nam a2200000 4500
001 c111659
005 20230105083751.8
041 0 |a cze 
044 |a CZ 
245 1 0 |a Jak lépe řídit  |b zásady, pravidla a některé nové směry řízení  |c Karol Pavelka 
264 1 |a Praha  |b Svoboda  |c 1970 
300 |a 106 s. 
100 1 |a Pavelka, Karol